Indiana Football: Top 10 All-Time Leaders - Statistics

General Stats
  • This quiz has been taken 10 times
  • The average score is 14 of 57
Answer Stats
Category # Player Amount % Correct
Passing Yards 1 Nate Sudfeld 7,879
75%
Rushing Yards 3 Alex Smith 3,492
50%
Passing Yards 2 Antwaan Randle El 7,469
50%
Rushing Yards 2 Antwaan Randle El 3,895
50%
Receiving Yards 1 James Hardy 2,740
50%
Tackles 9 Justin Smith 326
50%
Receiving Yards 7 Nick Westbrook-Ikhine 2,226
50%
Passing Yards 8 Trent Green 5,400
50%
Rushing Yards 1 Anthony Thompson 5,299
38%
Interceptions T6 Eric Allen 10
38%
Rushing Yards 6 Levron Williams 3,095
38%
Passing Yards 4 Peyton Ramsey 6,581
38%
Rushing Yards 5 Tevin Coleman 3,219
38%
Sacks 1 Adewale Ogunleye 34.5
25%
Passing Yards 3 Ben Chappell 7,251
25%
Receiving Yards 2 Courtney Roby 2,524
25%
Receiving Yards 8 Damarlo Belcher 2,225
25%
Receiving Yards 3 Ernie Jones 2,361
25%
Tackles T4 Herana-Daze Jones 342
25%
Passing Yards 6 Kellen Lewis 6,395
25%
Passing Yards 9 Richard Lagow 5,298
25%
Receiving Yards 9 Shane Wynn 2,198
25%
Rushing Yards 9 Stevie Scott III 2,543
25%
Tackles 10 Tegray Scales 324
25%
Sacks T6 Tegray Scales 17.0
25%
Receiving Yards 4 Thomas Lewis 2,324
25%
Interceptions 2 Tracy Porter 16
25%
Receiving Yards 6 Ty Fryfogle 2,231
25%
Rushing Yards 7 Vaughn Dunbar 3,029
25%
Receiving Yards 10 Whop Philyor 2,067
25%
Sacks 10 Adam Replogle 15.0
13%
Rushing Yards 8 Courtney Snyder 2,789
13%
Tackles T4 Craig Walls 342
13%
Interceptions T3 Dave Abrams 11
13%
Passing Yards 7 Dave Schnell 5,470
13%
Tackles 3 Donnie Thomas 369
13%
Receiving Yards 5 Duane Gunn 2,235
13%
Sacks 5 Greg Farrall 22.0
13%
Sacks T3 Greg Middleton 23.0
13%
Sacks 9 Hurvin McCormick 16.0
13%
Tackles 6 Jabar Robinson 339
13%
Sacks T3 Jammie Kirlew 23.0
13%
Sacks T6 Joe Huff 17.0
13%
Tackles 1 Joe Norman 444
13%
Interceptions T3 John Cannady 11
13%
Rushing Yards 10 John Isenbarger 2,453
13%
Interceptions T6 John McDonnell 10
13%
Sacks 8 Kemp Rasmussen 16.5
13%
Interceptions T3 Lance Brown 11
13%
Tackles T7 Mark Hagen 336
13%
Tackles T7 Mark Weiler 336
13%
Rushing Yards 4 Mike Harkrader 3,257
13%
Passing Yards 5 Steve Bradley 6,579
13%
Passing Yards 10 Tim Clifford 4,338
13%
Interceptions 1 Tim Wilbur 19
13%
Sacks 2 Van Waiters 25.0
13%
Tackles 2 Willie Bates 384
13%
No matching quizzes found
Score Distribution
Percent of People with Each Score
Percentile by Number Answered
Your Score History
You have not taken this quiz